[Event "Europa ch 2014"]
[Site "Yerevan ARM"]
[Date "2014.03.13"]
[Round "10.38"]
[White "Hovhannisyan, Robert"]
[Black "Rozum, Ivan"]
[Result "1/2-1/2"]
[WhiteElo "2611"]
[BlackElo "2505"]
[PlyCount "215"]
[EventDate "2014.03.03"]
[EventType "swiss"]
[EventRounds "11"]
[EventCountry "ARM"]
[Source "lmi"]
[SourceDate "2014.03.02"]

1. e4 c6 2. d4 d5 3. e5 Bf5 4. Be2 e6 5. Nf3 c5 6. Be3 Qb6 7. Nc3 Nc6 8. O-O
Qxb2 9. Qe1 cxd4 10. Bxd4 Nxd4 11. Nxd4 Bb4 12. Ndb5 Ba5 13. Rb1 Qxc2 14. Rb3
Ne7 15. Nd6+ Kf8 16. Nxb7 Bb6 17. Nd6 Ba5 18. Bf3 Bd3 19. Qc1 Qxc1 20. Rxc1 Ng6
21. Nxd5 exd5 22. Rxd3 Nxe5 23. Rxd5 Nxf3+ 24. gxf3 Bb6 25. a4 g6 26. a5 Bd8
27. Rc8 Rxc8 28. Nxc8 Kg7 29. Nxa7 Bf6 30. Nc6 Ra8 31. Kf1 Kf8 32. Ke2 Re8+ 33.
Kd3 Bh4 34. a6 Ra8 35. Ra5 Bxf2 36. Kc4 Kg7 37. Kd5 Bg1 38. h3 Kf6 39. Kd6 Re8
40. a7 Bxa7 41. Rxa7 Re3 42. Nd4 Re1 43. Ra4 Rh1 44. Ne2 Rh2 45. Nf4 g5 46.
Nd5+ Kg7 47. h4 Rh3 48. Rg4 h6 49. f4 f5 50. Rg1 Rxh4 51. Ke6 Kg6 52. Rg2 Rh1
53. Ne7+ Kh5 54. Kxf5 Kh4 55. fxg5 Rf1+ 56. Ke5 hxg5 57. Nf5+ Kh3 58. Rxg5 Ra1
59. Kf4 Ra4+ 60. Kf3 Ra3+ 61. Ne3 Kh4 62. Rb5 Rc3 63. Kf4 Ra3 64. Nf5+ Kh3 65.
Rb4 Ra8 66. Kf3 Ra3+ 67. Ne3 Ra8 68. Rb5 Rf8+ 69. Nf5 Ra8 70. Rb3 Rf8 71. Ke4+
Kg2 72. Rb2+ Kf1 73. Nd6 Kg1 74. Ke3 Ra8 75. Nf5 Ra3+ 76. Kf4 Ra8 77. Kf3 Rf8
78. Ke4 Ra8 79. Ne3 Re8+ 80. Kd3 Rd8+ 81. Ke2 Ra8 82. Rb4 Kh2 83. Rh4+ Kg3 84.
Nf5+ Kg2 85. Rg4+ Kh3 86. Rg3+ Kh2 87. Rg7 Kh3 88. Ke3 Ra3+ 89. Ke4 Ra4+ 90.
Nd4 Ra8 91. Kf4 Rf8+ 92. Nf5 Ra8 93. Rg3+ Kh2 94. Rd3 Ra4+ 95. Nd4 Ra8 96. Ne6
Kg2 97. Rd2+ Kf1 98. Rb2 Ra4+ 99. Kf3 Ra3+ 100. Ke4 Ra4+ 101. Nd4 Ra8 102. Nf5
Ke1 103. Rb3 Kd2 104. Rd3+ Kc1 105. Rd4 Rh8 106. Kd3 Kb1 107. Rh4 Rxh4 108.
Nxh4 1/2-1/2

[Event "Europa ch 2014"]
[Site "Yerevan ARM"]
[Date "2014.03.13"]
[Round "10.39"]
[White "Tomashevsky, Evgeny"]
[Black "Aghasaryan, Robert"]
[Result "1-0"]
[WhiteElo "2711"]
[BlackElo "2503"]
[PlyCount "51"]
[EventDate "2014.03.03"]
[EventType "swiss"]
[EventRounds "11"]
[EventCountry "ARM"]
[Source "lmi"]
[SourceDate "2014.03.02"]

1. d4 d5 2. c4 e6 3. Nc3 Be7 4. cxd5 exd5 5. Bf4 c6 6. e3 Bf5 7. g4 Be6 8. h4
Nd7 9. g5 h6 10. g6 fxg6 11. Bd3 Bf7 12. Qc2 g5 13. hxg5 Bxg5 14. Bg3 Ne7 15.
Nf3 Bf6 16. O-O-O c5 17. Kb1 c4 18. Bf5 O-O 19. Rdg1 Qe8 20. Bf4 Nxf5 21. Qxf5
Be6 22. Qc2 Bg5 23. Rxg5 hxg5 24. Qh7+ Kf7 25. Nxg5+ Kf6 26. e4 1-0

[Event "Europa ch 2014"]
[Site "Yerevan ARM"]
[Date "2014.03.13"]
[Round "10.40"]
[White "Korobov, Anton"]
[Black "Kovalev, Vladislav"]
[Result "1-0"]
[WhiteElo "2719"]
[BlackElo "2548"]
[PlyCount "140"]
[EventDate "2014.03.03"]
[EventType "swiss"]
[EventRounds "11"]
[EventCountry "ARM"]
[Source "lmi"]
[SourceDate "2014.03.02"]

1. d4 Nf6 2. Nf3 g6 3. Bg5 Bg7 4. Nbd2 d5 5. e3 O-O 6. c3 Nbd7 7. Be2 Re8 8. b4
e5 9. O-O c6 10. Qb3 a5 11. a4 axb4 12. Qxb4 Qa5 13. Qxa5 Rxa5 14. Nb3 Ra7 15.
Nfd2 Nf8 16. a5 N6d7 17. Bh4 Ne6 18. dxe5 Bxe5 19. Rac1 Nec5 20. c4 Nxb3 21.
Nxb3 dxc4 22. Bxc4 Bc7 23. a6 bxa6 24. Nd4 Ne5 25. Ba2 a5 26. Rfd1 Rb7 27. h3
Rb2 28. Bb3 Bb6 29. Ba4 Rb4 30. Bxc6 Nxc6 31. Rxc6 Bb7 32. Rcc1 Kg7 33. Bg3
Bxd4 34. exd4 Rc8 35. Bc7 Re8 36. d5 Bc8 37. d6 Bd7 38. Bxa5 Rb5 39. Bc3+ f6
40. Ba1 Kf7 41. Rc7 Ke6 42. Bxf6 Reb8 43. Kh2 h5 44. Be7 Rb1 45. Rd3 R8b3 46.
Rcc3 Rxc3 47. Rxc3 Rb5 48. g4 hxg4 49. hxg4 Rb1 50. Kg3 Ke5 51. Kh4 Kf4 52.
Rc4+ Kf3 53. Rc7 Kf4 54. Bg5+ Kf3 55. Bd2 Be6 56. d7 Rb8 57. Ba5 g5+ 58. Kxg5
Rg8+ 59. Kf6 Bxd7 60. Rxd7 Rxg4 61. Bb6 Rf4+ 62. Kg5 Rg4+ 63. Kh5 Rf4 64. Be3
Rf8 65. Kg6 Rg8+ 66. Rg7 Rc8 67. Rf7+ Ke4 68. Bh6 Rg8+ 69. Bg7 Rc8 70. f3+ Kd5
1-0

[Event "Europa ch 2014"]
[Site "Yerevan ARM"]
[Date "2014.03.13"]
[Round "10.41"]
[White "Malakhov, Vladimir"]
[Black "Dzagnidze, Nana"]
[Result "1-0"]
[WhiteElo "2717"]
[BlackElo "2546"]
[PlyCount "79"]
[EventDate "2014.03.03"]
[EventType "swiss"]
[EventRounds "11"]
[EventCountry "ARM"]
[Source "lmi"]
[SourceDate "2014.03.02"]

1. c4 e5 2. Nc3 Nc6 3. Nf3 g6 4. g3 Bg7 5. Bg2 d6 6. O-O f5 7. Rb1 Nf6 8. b4
O-O 9. b5 Ne7 10. c5 e4 11. cxd6 cxd6 12. Nd4 Ng4 13. e3 Ne5 14. Qb3+ Kh8 15.
Ba3 a6 16. f3 exf3 17. Nxf3 Re8 18. Nd4 axb5 19. Ncxb5 Ra6 20. Rfc1 N7c6 21.
Bxc6 bxc6 22. Nxd6 Bf8 23. Nxc6 Rxc6 24. Rxc6 Be6 25. Qb5 Nxc6 26. Qxc6 Bxd6
27. Bxd6 Bxa2 28. Rb8 Qxb8 29. Bxb8 Rxb8 30. h4 Kg8 31. d4 Bf7 32. d5 Rd8 33.
d6 Be6 34. Kf2 Kf7 35. Kf3 Rd7 36. Kf4 h6 37. Ke5 Ra7 38. Qb6 Rd7 39. Qb8 Ba2
40. Qh8 1-0

[Event "Europa ch 2014"]
[Site "Yerevan ARM"]
[Date "2014.03.13"]
[Round "10.42"]
[White "Aleksandrov, Aleksej"]
[Black "Inarkiev, Ernesto"]
[Result "1/2-1/2"]
[WhiteElo "2544"]
[BlackElo "2698"]
[PlyCount "80"]
[EventDate "2014.03.03"]
[EventType "swiss"]
[EventRounds "11"]
[EventCountry "ARM"]
[Source "lmi"]
[SourceDate "2014.03.02"]

1. d4 Nf6 2. c4 g6 3. Nc3 d5 4. e3 Bg7 5. cxd5 Nxd5 6. Nxd5 Qxd5 7. Ne2 O-O 8.
Nc3 Qd8 9. Bc4 Nd7 10. O-O c5 11. dxc5 Nxc5 12. Qc2 Be6 13. Bxe6 Nxe6 14. Rd1
Qc7 15. Bd2 Rac8 16. Be1 Rfd8 17. Rxd8+ Nxd8 18. Qb3 e6 19. Rc1 a6 20. h3 b5
21. a4 bxa4 22. Qxa4 Qb7 23. Ra1 Nc6 24. Qxa6 Qxa6 25. Rxa6 Ne5 26. Kf1 Nd3 27.
Rb6 Nxe1 28. Kxe1 Bxc3+ 29. bxc3 Rxc3 30. h4 Rc2 31. Rb7 Kg7 32. g3 h6 33. Kf1
g5 34. hxg5 hxg5 35. Kg2 g4 36. Ra7 Kg6 37. Re7 Rb2 38. Kg1 Rc2 39. Kg2 Rb2 40.
Kg1 Rc2 1/2-1/2

[Event "Europa ch 2014"]
[Site "Yerevan ARM"]
[Date "2014.03.13"]
[Round "10.43"]
[White "Ragger, Markus"]
[Black "Stukopin, Andrey"]
[Result "1-0"]
[WhiteElo "2644"]
[BlackElo "2544"]
[PlyCount "59"]
[EventDate "2014.03.03"]
[EventType "swiss"]
[EventRounds "11"]
[EventCountry "ARM"]
[Source "lmi"]
[SourceDate "2014.03.02"]

1. d4 d5 2. c4 e5 3. dxe5 d4 4. Nf3 Nc6 5. a3 Nge7 6. b4 Ng6 7. Bb2 a5 8. b5
Ncxe5 9. Nxe5 Nxe5 10. e3 Be6 11. Bxd4 Nxc4 12. Qc2 Nd6 13. Bd3 Qg5 14. f4 Qh4+
15. g3 Qh5 16. Nc3 Nf5 17. O-O Rd8 18. Bxf5 Qxf5 19. e4 Qh5 20. Nd5 Bxd5 21.
exd5 Rxd5 22. Qxc7 Be7 23. Bb6 Rd7 24. Qc8+ Rd8 25. Qxb7 Qxb5 26. Rfb1 Qd5 27.
Bxd8 Bc5+ 28. Kf1 Qd3+ 29. Kg2 O-O 30. Bxa5 1-0

[Event "Europa ch 2014"]
[Site "Yerevan ARM"]
[Date "2014.03.13"]
[Round "10.44"]
[White "Oleksienko, Mikhailo"]
[Black "Quparadze, Giga"]
[Result "1-0"]
[WhiteElo "2640"]
[BlackElo "2507"]
[PlyCount "153"]
[EventDate "2014.03.03"]
[EventType "swiss"]
[EventRounds "11"]
[EventCountry "ARM"]
[Source "lmi"]
[SourceDate "2014.03.02"]

1. d4 Nf6 2. c4 e6 3. Nc3 Bb4 4. Qc2 O-O 5. a3 Bxc3+ 6. Qxc3 b6 7. Bg5 Bb7 8.
f3 h6 9. Bh4 d5 10. e3 Nbd7 11. cxd5 Nxd5 12. Bxd8 Nxc3 13. Bh4 Nd5 14. Bf2 c5
15. Bb5 N5f6 16. e4 cxd4 17. Bxd4 a6 18. Ba4 b5 19. Bb3 Rac8 20. Ne2 Nc5 21.
Bc2 Na4 22. Bxa4 bxa4 23. Bxf6 gxf6 24. Nc3 Rfd8 25. Rd1 Bc6 26. Ke2 Kf8 27.
Rxd8+ Rxd8 28. Rd1 Rb8 29. Rd2 Ke7 30. Kd3 Rd8+ 31. Kc2 Rg8 32. g3 h5 33. Kd3
h4 34. g4 f5 35. gxf5 exf5 36. exf5 Rg5 37. Re2+ Kd8 38. Ke3 Rxf5 39. Ne4 Bxe4
40. Kxe4 Rg5 41. Kf4 Rg1 42. Re4 Rg2 43. h3 Rxb2 44. Kg4 f5+ 45. Kxf5 Rb3 46.
Rxa4 Rxf3+ 47. Kg4 Rf6 48. Kxh4 Ke7 49. Kg3 Rc6 50. Rf4 Rg6+ 51. Kf3 Rc6 52.
Kg4 Rg6+ 53. Kh4 Rh6+ 54. Kg3 Rg6+ 55. Kf3 Rc6 56. a4 Rc1 57. Kg4 Ke6 58. h4
Rg1+ 59. Kh5 Ke7 60. Kh6 Rg2 61. h5 Rg1 62. Rf5 Rg4 63. Ra5 Kf7 64. Rxa6 Rc4
65. Ra7+ Kg8 66. Ra8+ Kf7 67. a5 Rc5 68. a6 Rc6+ 69. Kh7 Rc7 70. Rb8 Rc5 71. h6
Kf6 72. Rf8+ Kg5 73. a7 Rc7+ 74. Kg8 Kxh6 75. Rf6+ Kg5 76. a8=Q Kxf6 77. Qd8+
1-0

[Event "Europa ch 2014"]
[Site "Yerevan ARM"]
[Date "2014.03.13"]
[Round "10.45"]
[White "Lie, Kjetil A"]
[Black "Kovalenko, Igor"]
[Result "1-0"]
[WhiteElo "2509"]
[BlackElo "2626"]
[PlyCount "161"]
[EventDate "2014.03.03"]
[EventType "swiss"]
[EventRounds "11"]
[EventCountry "ARM"]
[Source "lmi"]
[SourceDate "2014.03.02"]

1. c4 b6 2. Nc3 e6 3. e4 Bb7 4. g3 f5 5. Bg2 Nf6 6. d3 Bb4 7. Nge2 fxe4 8. O-O
O-O 9. dxe4 Ng4 10. Nf4 Ne5 11. Nb5 Nbc6 12. a3 Be7 13. b3 a6 14. Nc3 Bc5 15.
Ra2 Rf7 16. Na4 Be7 17. Nd3 Nxd3 18. Qxd3 b5 19. Nc3 Bc5 20. cxb5 axb5 21. Be3
Bxa3 22. Qd1 Bb4 23. Rxa8 Qxa8 24. Nxb5 Ba5 25. Na3 Ba6 26. Nc4 Bxc4 27. bxc4
Bc3 28. Qd3 Qa5 29. f4 e5 30. Qd5 Kf8 31. fxe5 Rxf1+ 32. Bxf1 Nxe5 33. Qxa5
Bxa5 34. Kg2 Nf7 35. Kf3 Ke7 36. Bd4 Ng5+ 37. Ke3 g6 38. c5 Bb4 39. Kd3 h5 40.
Be2 Ne6 41. Kc4 Bd2 42. Kd3 Be1 43. Be3 Kf6 44. Bd4+ Ke7 45. Be3 c6 46. Bd1 Bb4
47. Kc4 Ba5 48. Bf2 Ng5 49. Be3 Nf7 50. Bf4 Be1 51. h4 Ke8 52. Bc7 Nh6 53. Bd6
Ng4 54. Kd4 Bf2+ 55. Kd3 Kf7 56. Ke2 Bd4 57. Kd3 Bb2 58. Bxg4 hxg4 59. e5 Bc1
60. Ke4 Ke6 61. Bf8 Bd2 62. Bd6 Bh6 63. Bc7 Bf8 64. Bd6 Bh6 65. Bc7 Bc1 66. Bd6
Bd2 67. Bc7 Kf7 68. Bd6 Bh6 69. Bc7 Bc1 70. Bd6 Bd2 71. Bc7 Ke7 72. Bd6+ Ke6
73. Bc7 g5 74. h5 Be1 75. Bd6 Bf2 76. h6 Kf7 77. Kf5 Bxg3 78. Kxg4 Be1 79. h7
Kg7 80. Kxg5 Ba5 81. h8=Q+ 1-0

[Event "Europa ch 2014"]
[Site "Yerevan ARM"]
[Date "2014.03.13"]
[Round "10.46"]
[White "Volkov, Sergey"]
[Black "Babujian, Levon"]
[Result "1-0"]
[WhiteElo "2610"]
[BlackElo "2491"]
[PlyCount "103"]
[EventDate "2014.03.03"]
[EventType "swiss"]
[EventRounds "11"]
[EventCountry "ARM"]
[Source "lmi"]
[SourceDate "2014.03.02"]

1. d4 Nf6 2. c4 e6 3. Nf3 d5 4. Nc3 Bb4 5. Qa4+ Nc6 6. e3 O-O 7. Bd2 Re8 8. Rd1
a6 9. a3 Bf8 10. Bc1 Rb8 11. Qc2 Na5 12. c5 b6 13. b4 Nc4 14. Bxc4 dxc4 15. Ne5
Bb7 16. e4 b5 17. O-O h6 18. f4 g6 19. g4 Bg7 20. g5 Nh7 21. h4 Ba8 22. Qf2 Qe7
23. gxh6 Bf6 24. Nf3 Rbd8 25. Qg3 Qf8 26. f5 exf5 27. e5 Bh8 28. d5 Qe7 29. Bf4
Nf8 30. Rfe1 Qd7 31. h5 Qc8 32. c6 a5 33. Kf2 Qa6 34. Nh4 Qb6+ 35. Kf1 Kh7 36.
e6 Bf6 37. Re2 Rxe6 38. dxe6 Qxc6 39. Rxd8 Qh1+ 40. Qg1 Qxh4 41. Rxa8 Qxf4+ 42.
Qf2 Qc1+ 43. Kg2 Nxe6 44. hxg6+ fxg6 45. Rxe6 Qxc3 46. Re3 Qa1 47. Rc8 Be5 48.
Re1 Qc3 49. Qe3 axb4 50. Qxe5 Qd2+ 51. Re2 Qg5+ 52. Qg3 1-0

[Event "Europa ch 2014"]
[Site "Yerevan ARM"]
[Date "2014.03.13"]
[Round "10.47"]
[White "Raznikov, Danny"]
[Black "Pantsulaia, Levan"]
[Result "1/2-1/2"]
[WhiteElo "2490"]
[BlackElo "2606"]
[PlyCount "80"]
[EventDate "2014.03.03"]
[EventType "swiss"]
[EventRounds "11"]
[EventCountry "ARM"]
[Source "lmi"]
[SourceDate "2014.03.02"]

1. d4 Nf6 2. c4 c5 3. d5 e6 4. Nc3 exd5 5. cxd5 d6 6. Nf3 g6 7. g3 Bg7 8. Bg2
O-O 9. O-O a6 10. a4 Nbd7 11. Bf4 Qe7 12. Rb1 h6 13. b4 g5 14. Bd2 b6 15. Qc1
Re8 16. bxc5 bxc5 17. h4 g4 18. Ne1 h5 19. Nc2 Ne5 20. Ne3 Qc7 21. Qb2 Bh6 22.
Qc2 Bd7 23. Ne4 Nxe4 24. Bxe4 Rab8 25. Nf5 Bxf5 26. Bxf5 Bg7 27. Bh7+ Kf8 28.
Qf5 Qd7 29. Qxd7 Nxd7 30. Bd3 Nb6 31. Bxa6 Nxa4 32. Bb5 Re4 33. Bxa4 Rxb1 34.
Rxb1 Rxa4 35. Rb8+ Ke7 36. Bg5+ Kd7 37. Rb7+ Ke8 38. Rb8+ Kd7 39. Rb7+ Ke8 40.
Rb8+ Kd7 1/2-1/2

[Event "Europa ch 2014"]
[Site "Yerevan ARM"]
[Date "2014.03.13"]
[Round "10.49"]
[White "Danielian, Elina"]
[Black "Golod, Vitali"]
[Result "1-0"]
[WhiteElo "2467"]
[BlackElo "2573"]
[PlyCount "81"]
[EventDate "2014.03.03"]
[EventType "swiss"]
[EventRounds "11"]
[EventCountry "ARM"]
[Source "lmi"]
[SourceDate "2014.03.02"]

1. d4 Nf6 2. c4 e6 3. Nc3 Bb4 4. Qc2 O-O 5. Nf3 c5 6. dxc5 Na6 7. a3 Bxc3+ 8.
Qxc3 Nxc5 9. e3 a5 10. b3 d6 11. Be2 e5 12. Nd2 Nfe4 13. Nxe4 Nxe4 14. Qc2 Nc5
15. O-O a4 16. b4 Nb3 17. Rb1 Be6 18. Bb2 Rc8 19. f4 b5 20. fxe5 Bxc4 21. exd6
Qxd6 22. Rbd1 Qg6 23. Qxg6 hxg6 24. Bxc4 Rxc4 25. Rd5 Re8 26. Rxb5 f6 27. Rb7
Nd2 28. Rc1 Rxe3 29. Rc7 Rg4 30. h3 Rxh3 31. Rd7 Ne4 32. Rc8+ Kh7 33. Rdd8
Rxg2+ 34. Kxg2 Rg3+ 35. Kh2 g5 36. Rh8+ Kg6 37. Rh3 Rg4 38. Rc4 Rf4 39. Bc1
Rf2+ 40. Kg1 Re2 41. Re3 1-0

[Event "Europa ch 2014"]
[Site "Yerevan ARM"]
[Date "2014.03.13"]
[Round "10.50"]
[White "Grigoryan, Karen H"]
[Black "Givon, Asaf"]
[Result "1-0"]
[WhiteElo "2572"]
[BlackElo "2449"]
[PlyCount "65"]
[EventDate "2014.03.03"]
[EventType "swiss"]
[EventRounds "11"]
[EventCountry "ARM"]
[Source "lmi"]
[SourceDate "2014.03.02"]

1. g3 g6 2. Bg2 Bg7 3. e4 c5 4. Ne2 Nc6 5. O-O d6 6. f4 Nf6 7. h3 O-O 8. d3 Bd7
9. g4 b5 10. Ng3 Ne8 11. Nd2 a5 12. Nf3 a4 13. a3 Qb6 14. Rb1 c4+ 15. Kh1 cxd3
16. Qxd3 b4 17. Be3 Qa5 18. e5 Rd8 19. axb4 Qxb4 20. c3 Qa5 21. Qc2 dxe5 22. f5
Nd6 23. Ng5 Nc4 24. Bg1 e4 25. N3xe4 N6e5 26. Nc5 Bc6 27. Bxc6 Nxc6 28. fxg6
hxg6 29. Rxf7 Rxf7 30. Qxg6 N6e5 31. Qh7+ Kf8 32. Nge6+ Ke8 33. Nxg7+ 1-0

[Event "Europa ch 2014"]
[Site "Yerevan ARM"]
[Date "2014.03.13"]
[Round "10.51"]
[White "Melia, Salome"]
[Black "Parligras, Mircea-Emilian"]
[Result "1-0"]
[WhiteElo "2453"]
[BlackElo "2572"]
[PlyCount "157"]
[EventDate "2014.03.03"]
[EventType "swiss"]
[EventRounds "11"]
[EventCountry "ARM"]
[Source "lmi"]
[SourceDate "2014.03.02"]

1. e4 c6 2. d4 d5 3. Nc3 dxe4 4. Nxe4 Bf5 5. Ng3 Bg6 6. Nh3 e6 7. Nf4 Bd6 8. c3
Nf6 9. h4 Bxf4 10. Bxf4 h6 11. Qb3 Qe7 12. h5 Bh7 13. Be2 Nd5 14. Be5 O-O 15.
O-O a5 16. c4 a4 17. Qf3 Nf6 18. c5 Rd8 19. Rfe1 Na6 20. a3 Nc7 21. Rac1 Nb5
22. Bxb5 cxb5 23. Bxf6 Qxf6 24. Qxb7 Bd3 25. Ne4 Bxe4 26. Rxe4 Qg5 27. Re3 Qxh5
28. c6 Rdb8 29. Qe7 Re8 30. Qb4 Qg5 31. Rc5 Qg4 32. Rxb5 Rac8 33. d5 Qd1+ 34.
Re1 Qd3 35. Qxa4 exd5 36. Rd1 Qg6 37. Rc5 Re4 38. Qa6 Rce8 39. Qf1 d4 40. c7
Rc8 41. Qb5 Qe6 42. Rcc1 Kh7 43. Qc6 Qe7 44. Qc5 Qd7 45. Qc2 f5 46. b4 Qe8 47.
a4 Qh5 48. g3 Re2 49. Qd3 Re7 50. b5 Rcxc7 51. Rxc7 Rxc7 52. Qxd4 f4 53. Qd5
Qg4 54. Qe4+ g6 55. Re1 Qd7 56. Qxf4 Ra7 57. Qb4 h5 58. a5 Qd8 59. b6 Rb7 60.
Qc5 h4 61. gxh4 Rf7 62. Qg5 Qd4 63. Qg3 Qd2 64. Re6 Qd1+ 65. Kh2 Qc2 66. Qxg6+
Qxg6 67. Rxg6 Kxg6 68. a6 Rxf2+ 69. Kg3 Ra2 70. b7 Ra3+ 71. Kf4 Ra4+ 72. Ke3
Ra3+ 73. Kd4 Rxa6 74. b8=Q Ra4+ 75. Ke5 Rxh4 76. Qg8+ Kh6 77. Qh8+ Kg5 78. Qg7+
Kh5 79. Kf5 1-0

[Event "Europa ch 2014"]
[Site "Yerevan ARM"]
[Date "2014.03.13"]
[Round "10.54"]
[White "Beliavsky, Alexander G"]
[Black "Sargissyan, Sargis"]
[Result "1-0"]
[WhiteElo "2643"]
[BlackElo "2242"]
[PlyCount "69"]
[EventDate "2014.03.03"]
[EventType "swiss"]
[EventRounds "11"]
[EventCountry "ARM"]
[Source "lmi"]
[SourceDate "2014.03.02"]

1. d4 Nf6 2. c4 g6 3. Nc3 Bg7 4. e4 d6 5. Nf3 O-O 6. Be2 e5 7. O-O Nc6 8. d5
Ne7 9. Nd2 a5 10. a3 Nd7 11. Rb1 f5 12. b4 Kh8 13. Qc2 Ng8 14. Bd3 Nh6 15. Nb3
axb4 16. axb4 Nf6 17. Bg5 f4 18. Ra1 Rxa1 19. Rxa1 f3 20. g3 Qd7 21. Bxf6 Bxf6
22. Bf1 Qg4 23. Nb5 Qh5 24. Ra8 Rg8 25. Qd3 Ng4 26. h3 Nh6 27. Nxc7 Bxh3 28.
Bxh3 Rxa8 29. Nxa8 Qxh3 30. Qxf3 Kg7 31. Nc7 Qc8 32. Ne6+ Kf7 33. c5 Ng8 34.
Na5 dxc5 35. bxc5 1-0

[Event "Europa ch 2014"]
[Site "Yerevan ARM"]
[Date "2014.03.13"]
[Round "10.55"]
[White "Minasian, Ara"]
[Black "Volokitin, Andrei"]
[Result "0-1"]
[WhiteElo "2432"]
[BlackElo "2674"]
[PlyCount "58"]
[EventDate "2014.03.03"]
[EventType "swiss"]
[EventRounds "11"]
[EventCountry "ARM"]
[Source "lmi"]
[SourceDate "2014.03.02"]

1. c4 e5 2. Nc3 Nf6 3. Nf3 Nc6 4. e3 Bb4 5. Qc2 Bxc3 6. Qxc3 Qe7 7. d3 d5 8.
cxd5 Nxd5 9. Qc2 Ndb4 10. Qc3 Nd4 11. Bd2 a5 12. Kd1 Nxf3 13. gxf3 O-O 14. Rg1
Nd5 15. Qc4 Rd8 16. Rc1 Be6 17. Qc5 Qh4 18. Rg3 b6 19. Qc6 Qxh2 20. Ke1 Rac8
21. a3 Qh4 22. Ke2 Rd6 23. Qb7 Qd8 24. Bh3 Rb8 25. Qa7 Bxh3 26. Rxh3 Qc8 27. e4
Ra8 28. Qxa8 Qxa8 29. exd5 Qxd5 0-1

[Event "Europa ch 2014"]
[Site "Yerevan ARM"]
[Date "2014.03.13"]
[Round "10.57"]
[White "Harutyunian, Tigran K"]
[Black "Ipatov, Alexander"]
[Result "0-1"]
[WhiteElo "2422"]
[BlackElo "2614"]
[PlyCount "76"]
[EventDate "2014.03.03"]
[EventType "swiss"]
[EventRounds "11"]
[EventCountry "ARM"]
[Source "lmi"]
[SourceDate "2014.03.02"]

1. Nf3 Nf6 2. c4 b6 3. g3 Bb7 4. Bg2 g6 5. O-O Bg7 6. Nc3 O-O 7. d4 Ne4 8. Nxe4
Bxe4 9. Be3 c5 10. Qd2 d6 11. Bh6 Nd7 12. Rfd1 Nf6 13. Rac1 Qc7 14. h3 Rad8 15.
Qe3 Rfe8 16. Bxg7 Kxg7 17. Qc3 Bxf3 18. Bxf3 e5 19. e3 h5 20. b4 cxd4 21. exd4
e4 22. Bg2 d5 23. Qb3 Qb8 24. Re1 dxc4 25. Rxc4 b5 26. Rc5 Rxd4 27. Qc3 Rd3 28.
Qc2 Qd6 29. Rc6 Qxb4 30. Rb1 Qd4 31. Qb2 Rd1+ 32. Kh2 Qxb2 33. Rxb2 Ng4+ 34.
hxg4 hxg4 35. Bf1 Rxf1 36. Kg2 Ra1 37. Rbc2 Rd8 38. Rc1 Rxa2 0-1

[Event "Europa ch 2014"]
[Site "Yerevan ARM"]
[Date "2014.03.13"]
[Round "10.58"]
[White "Bagaturov, Giorgi"]
[Black "Schlosser, Philipp"]
[Result "1/2-1/2"]
[WhiteElo "2408"]
[BlackElo "2612"]
[PlyCount "40"]
[EventDate "2014.03.03"]
[EventType "swiss"]
[EventRounds "11"]
[EventCountry "ARM"]
[Source "lmi"]
[SourceDate "2014.03.02"]

1. d4 Nf6 2. c4 e6 3. Nf3 b6 4. g3 Ba6 5. b3 Bb4+ 6. Bd2 Be7 7. Bg2 d5 8. cxd5
exd5 9. O-O O-O 10. Nc3 Bb7 11. Qc2 Nbd7 12. Rfd1 Re8 13. Bf4 c6 14. a3 Nf8 15.
b4 Ne6 16. Be5 Nd7 17. Qb3 b5 18. e4 Nb6 19. exd5 Nxd5 20. Nxd5 cxd5 1/2-1/2

[Event "Europa ch 2014"]
[Site "Yerevan ARM"]
[Date "2014.03.13"]
[Round "10.61"]
[White "Gevorgyan, David"]
[Black "Onischuk, Vladimir"]
[Result "0-1"]
[WhiteElo "2388"]
[BlackElo "2583"]
[PlyCount "116"]
[EventDate "2014.03.03"]
[EventType "swiss"]
[EventRounds "11"]
[EventCountry "ARM"]
[Source "lmi"]
[SourceDate "2014.03.02"]

1. d4 d6 2. Nf3 g6 3. g3 Bg7 4. Bg2 Nf6 5. c4 O-O 6. Nc3 Nc6 7. O-O e5 8. dxe5
dxe5 9. Bg5 Be6 10. Qa4 Qb8 11. Rad1 Nd7 12. Qc2 h6 13. Be3 Nb6 14. b3 f5 15.
Qc1 Kh7 16. Bc5 Rf7 17. Bh3 Qe8 18. Nb5 Rc8 19. Ne1 Nd7 20. Ba3 a6 21. Nc3 e4
22. Nd5 g5 23. Bg2 Nd4 24. Qe3 c5 25. Nc3 Ne5 26. Bb2 Rd8 27. Qc1 Rfd7 28. Nc2
Qh5 29. Rfe1 Nxe2+ 30. Nxe2 Nd3 31. Rxd3 exd3 32. Qe3 Bxb2 33. Qxe6 Qg6 34.
Qxg6+ Kxg6 35. Ne3 dxe2 36. Nd5 Re8 37. Bf3 Kg7 38. Rxe2 Rxe2 39. Bxe2 Bd4 40.
Bd3 b5 41. Kg2 Rb7 42. f3 Kf7 43. Kh3 Ke6 44. g4 f4 45. Be4 Rb8 46. Nc7+ Kd6
47. Nxa6 Rb6 48. cxb5 Rxb5 49. Bd3 Rb6 50. Kg2 Kc6 51. Bc4 Kd7 52. Bd3 Kc8 53.
Kf1 Kb7 54. Ke2 Rxa6 55. Bxa6+ Kxa6 56. Kd3 Kb5 57. a3 Bb2 58. b4 c4+ 0-1

[Event "Europa ch 2014"]
[Site "Yerevan ARM"]
[Date "2014.03.13"]
[Round "10.62"]
[White "Kuljasevic, Davorin"]
[Black "Paravyan, David"]
[Result "1-0"]
[WhiteElo "2567"]
[BlackElo "2423"]
[PlyCount "95"]
[EventDate "2014.03.03"]
[EventType "swiss"]
[EventRounds "11"]
[EventCountry "ARM"]
[Source "lmi"]
[SourceDate "2014.03.02"]

1. c4 g6 2. g3 Bg7 3. Bg2 c5 4. Nc3 Nc6 5. Nf3 e6 6. O-O Nge7 7. d3 O-O 8. Bg5
h6 9. Bd2 d5 10. Rb1 b6 11. a3 d4 12. Na4 Rb8 13. b4 cxb4 14. axb4 b5 15. Nc5
a5 16. bxa5 bxc4 17. Rxb8 Nxb8 18. dxc4 Qc7 19. Nd3 Qxc4 20. Qb1 Nbc6 21. Rc1
Qa6 22. Nc5 Qxe2 23. Qb3 Ne5 24. Bf4 Ng4 25. Nd3 Ba6 26. Nfe1 Nxf2 27. Nxf2 e5
28. Nf3 exf4 29. Re1 Qe3 30. Rxe3 fxe3 31. Nd3 Nc6 32. Nfe1 Rb8 33. Qa2 Nxa5
34. Qxa5 Bxd3 35. Nxd3 Rb1+ 36. Bf1 e2 37. Ne1 d3 38. Bxe2 dxe2 39. Kf2 Rb2 40.
Qa8+ Kh7 41. Qd5 Kg8 42. Qc4 h5 43. Nf3 Bf6 44. h3 Kg7 45. g4 hxg4 46. hxg4 Be7
47. Qc7 Ba3 48. Qc3+ 1-0

[Event "Europa ch 2014"]
[Site "Yerevan ARM"]
[Date "2014.03.13"]
[Round "10.63"]
[White "Gabrielian, Artur"]
[Black "Lugovskoy, Maxim"]
[Result "0-1"]
[WhiteElo "2560"]
[BlackElo "2397"]
[PlyCount "48"]
[EventDate "2014.03.03"]
[EventType "swiss"]
[EventRounds "11"]
[EventCountry "ARM"]
[Source "lmi"]
[SourceDate "2014.03.02"]

1. e4 e6 2. d4 d5 3. Nc3 Bb4 4. e5 c5 5. a3 Bxc3+ 6. bxc3 Ne7 7. Qg4 Qc7 8.
Qxg7 Rg8 9. Qxh7 cxd4 10. Ne2 Nbc6 11. f4 dxc3 12. Qd3 d4 13. Nxd4 Nxd4 14.
Qxd4 Bd7 15. a4 Nf5 16. Qf2 Qc6 17. Rg1 Qe4+ 18. Qe2 Qd5 19. Kf2 Bc6 20. Qc4
Qd8 21. Qc5 Qh4+ 22. g3 Qxh2+ 23. Ke1 Rd8 24. Be3 Nd4 0-1

[Event "Europa ch 2014"]
[Site "Yerevan ARM"]
[Date "2014.03.13"]
[Round "10.64"]
[White "Baghdasaryan, Vahe"]
[Black "Halkias, Stelios"]
[Result "1/2-1/2"]
[WhiteElo "2368"]
[BlackElo "2551"]
[PlyCount "102"]
[EventDate "2014.03.03"]
[EventType "swiss"]
[EventRounds "11"]
[EventCountry "ARM"]
[Source "lmi"]
[SourceDate "2014.03.02"]

1. e4 e5 2. Nf3 Nc6 3. Bc4 Nf6 4. d3 Be7 5. O-O O-O 6. Bb3 d6 7. c3 Na5 8. Bc2
c5 9. Nbd2 Nc6 10. Re1 Re8 11. Nf1 h6 12. h3 Be6 13. Ng3 Rc8 14. Nh2 d5 15. Qf3
d4 16. Nf5 Bxf5 17. Qxf5 Qd7 18. Qf3 b5 19. Ng4 Nxg4 20. hxg4 c4 21. a4 dxc3
22. bxc3 b4 23. dxc4 bxc3 24. Be3 Rb8 25. a5 Qe6 26. Ba4 Qxc4 27. Bxc6 Qxc6 28.
Bxa7 Ra8 29. Bb6 Bg5 30. Be3 Bd8 31. Bb6 Bxb6 32. axb6 Rxa1 33. Rxa1 c2 34. Rc1
Qxb6 35. Qc3 Qe6 36. Qxc2 Qxg4 37. Qc6 Rd8 38. Ra1 g6 39. Qf6 Rd1+ 40. Rxd1
Qxd1+ 41. Kh2 Qh5+ 42. Kg1 Qg5 43. Qxg5 hxg5 44. g4 Kf8 45. Kf1 Ke7 46. Ke2 Kd6
47. Kd3 Kc5 48. Kc3 Kb5 49. Kb3 Kc5 50. Kc3 Kb5 51. Kb3 Kc5 1/2-1/2